UVERworld全曲 - Statistics

General Stats
  • This quiz has been taken 7 times
    3 since last reset
  • The average score is 139 of 411
Answer Stats
アルバムorシングルorEP アルバム名・シングル名・EP名 曲名 % Correct
アルバム Timeless トキノナミダ
50%
アルバム Timeless 優しさの雫
50%
アルバム Timeless
50%
アルバム BUGRIGHT ゼロの答
50%
アルバム BUGRIGHT シャルマンノウラ
50%
アルバム BUGRIGHT 君の好きなうた
50%
アルバム PROGLUTION 神集め
50%
アルバム PROGLUTION 心が指す場所と口癖 そして君がついて来る
50%
アルバム PROGLUTION オトノハ
50%
アルバム AwakEVE コロナ
50%
アルバム AwakEVE 儚くも永久のカナシ
50%
アルバム AwakEVE 畢生皐月プロローグ
50%
アルバム AwakEVE 恋いしくて
50%
アルバム LAST スパルタ
50%
アルバム LAST 心とココロ
50%
アルバム LAST バーレル
50%
アルバム LAST ハイ! 問題作
50%
アルバム LAST 君のまま
50%
アルバム LIFE 6 SENSE いつか必ず死ぬことを忘れるな
50%
アルバム LIFE 6 SENSE クオリア
50%
アルバム LIFE 6 SENSE 一億分の一の小説
50%
アルバム LIFE 6 SENSE 白昼夢
50%
アルバム THE ONE 此処から
50%
アルバム 0̸ CHOIR 誰が言った
50%
アルバム 0̸ CHOIR 在るべき形
50%
アルバム TYCOON ほんの少し
50%
アルバム TYCOON 奏全域
50%
アルバム TYCOON エミュー
50%
アルバム TYCOON 終焉
50%
アルバム 30 えくぼ
50%
アルバム ENIGMASIS ビタースウィート
50%
アルバム ENIGMASIS ピグマリオン
50%
シングル 君の好きなうた
50%
シングル 激動
50%
シングル 恋いしくて
50%
シングル 儚くも永久のカナシ
50%
シングル 体温
50%
シングル マダラ蝶
50%
シングル 撃破
50%
シングル クオリア
50%
シングル 若さ故エンテレケイア
50%
シングル パニックワールド
50%
シングル 魑魅魍魎マーチ
50%
シングル 境地・マントラ
50%
EP 僕の言葉ではない これは僕達の言葉
50%
EP 言わなくても伝わる あれは少し嘘だ
50%
シングル 一滴の影響
50%
シングル エミュー
50%
EP ピグマリオン
50%
ベストアルバム Neo SOUND BEST 儚くも永久のカナシ
50%
ベストアルバム Neo SOUND BEST 激動
50%
ベストアルバム Neo SOUND BEST ゼロの答
50%
ベストアルバム Neo SOUND BEST 優しさの雫
50%
ベストアルバム Neo SOUND BEST 君の好きなうた
50%
ベストアルバム Neo SOUND BEST 恋いしくて
50%
ベストアルバム ALL TIME BEST -MEMBER BEST- 一滴の影響
50%
ベストアルバム ALL TIME BEST -MEMBER BEST- 在るべき形
50%
ベストアルバム ALL TIME BEST -FAN BEST- 撃破
50%
ベストアルバム ALL TIME BEST -FAN BEST- 白昼夢
50%
ベストアルバム ALL TIME BEST -FAN BEST- 激動
50%
ベストアルバム ALL TIME BEST -FAN BEST- 魑魅魍魎マーチ
50%
ベストアルバム ALL TIME BEST -FAN BEST- ハイ!問題作
50%
ベストアルバム ALL TIME BEST -BALLADE BEST(Re-Recording)- 君の好きなうた
50%
ベストアルバム ALL TIME BEST -BALLADE BEST(Re-Recording)- 心とココロ
50%
ベストアルバム ALL TIME BEST -BALLADE BEST(Re-Recording)- クオリア
50%
ベストアルバム ALL TIME BEST -BALLADE BEST(Re-Recording)- 優しさの雫
50%
ベストアルバム ALL TIME BEST -BALLADE BEST(Re-Recording)- 体温
50%
ベストアルバム ALL TIME BEST -BALLADE BEST(Re-Recording)- マダラ蝶
50%
ベストアルバム ALL TIME BEST -BALLADE BEST(Re-Recording)- 恋いしくて
50%
ベストアルバム ALL TIME BEST -BALLADE BEST(Re-Recording)- 此処から
50%
ベストアルバム ALL TIME BEST -BALLADE BEST(Re-Recording)- 言わなくても伝わる あれは少し嘘だ
50%
ベストアルバム ALL TIME BEST -BALLADE BEST(Re-Recording)- ほんの少し
50%
アルバム 0̸ CHOIR 0̸ choir
50%
ベストアルバム ALL TIME BEST -MEMBER BEST- 0̸ choir
50%
EP 0̸ choir(2019.6.6 Live at Okinawa MUSIC TOWN OTO-ICHIBA)
50%
アルバム THE ONE 23ワード
50%
アルバム BUGRIGHT 51%
50%
ベストアルバム ALL TIME BEST -BALLADE BEST(Re-Recording)- 51%
50%
シングル 6つの風
50%
アルバム LIFE 6 SENSE 6つの風(album ver.)
50%
アルバム 0̸ CHOIR 7日目の決意
50%
EP 7日目の決意
50%
ベストアルバム ALL TIME BEST -MEMBER BEST- 7日目の決意
50%
EP 7日目の決意(2013年11月9日ボイスメモ)
50%
EP 7日目の決意(instrumental)
50%
アルバム THE ONE 7th Trigger
50%
シングル 7th Trigger
50%
ベストアルバム ALL TIME BEST -MEMBER BEST- 7th Trigger
50%
アルバム AwakEVE 99/100騙しの哲
50%
ベストアルバム Neo SOUND BEST 99/100騙しの哲
50%
アルバム BUGRIGHT 君の好きなうた(Acoustic Version)
50%
アルバム UNSER AFTER LIFE
50%
EP ai ta 心
50%
アルバム Timeless ai ta 心(Album Version)
50%
アルバム THE ONE バーべル~皇帝の新しい服album ver.~
50%
アルバム TYCOON 一滴の影響(album ver.)
50%
アルバム TYCOON 僕の言葉ではない これは僕達の言葉(album ver.)
50%
EP ALL ALONE
50%
ベストアルバム ALL TIME BEST -MEMBER BEST- ALL ALONE
50%
アルバム TYCOON ALL ALONE(album ver.)
50%
シングル a LOVELY TONE
50%
アルバム 0̸ CHOIR a LOVELY TONE(album ver.)
50%
アルバム 30 AS ONE
50%
シングル AS ONE
50%
シングル AS ONE(instrumental)
50%
アルバム 30 AVALANCHE
50%
EP AVALANCHE
50%
EP AVALANCHE(instrumental)
50%
アルバム AwakEVE 激動(AwakEVE ver.)
50%
シングル AWAYOKUBA-斬る
50%
ベストアルバム ALL TIME BEST -FAN BEST- AWAYOKUBA-斬る
50%
アルバム THE ONE AWAYOKUBA-斬る(LIVE intro ver.)
50%
アルバム THE ONE BABY BORN & GO
50%
シングル BABY BORN & GO
50%
BABY BORN & GO/KINJITO
50%
アルバム(カバー曲) 0̸ CHOIR Born Slippy
50%
アルバム PROGLUTION brand new ancient
50%
アルバム Timeless Burst
50%
アルバム Timeless CHANCE!
50%
EP CHANCE!
50%
ベストアルバム Neo SOUND BEST CHANCE!
50%
ベストアルバム ALL TIME BEST -MEMBER BEST- CHANCE!
50%
EP CHANCE!04(Memorial Track)
50%
EP CHANCE!(GAME SIZE)
50%
アルバム LAST CHANGE
50%
シングル CHANGE
50%
アルバム LAST closed POKER
50%
アルバム TYCOON Collide
50%
EP Collide
50%
ベストアルバム ALL TIME BEST -LIVE ARCHIVES- Collide(Saitama Super Arena 2017.2.11)
50%
アルバム BUGRIGHT Colors of the Heart
50%
シングル Colors of the Heart
50%
ベストアルバム ALL TIME BEST -FAN BEST- Colors of the Heart
50%
EP Colors of the Heart(Live at Marine Messe Fukuoka 2015.12.30)
50%
アルバム UNSER ConneQt
50%
シングル ConneQt
50%
アルバム LIFE 6 SENSE CORE PRIDE
50%
シングル CORE PRIDE
50%
ベストアルバム ALL TIME BEST -MEMBER BEST- CORE PRIDE
50%
EP CORE PRIDE[LIVE at ZEPP TOKYO 2011.07.27]
50%
Countdown
50%
アルバム PROGLUTION 浮世CROSSING
50%
シングル 浮世CROSSING
50%
ベストアルバム Neo SOUND BEST 浮世CROSSING
50%
ベストアルバム ALL TIME BEST -LIVE ARCHIVES- 浮世CROSSING(Nippon Budokan 2013.12.25)
50%
シングル モノクローム~気付けなかったdevotion~
50%
ベストアルバム Neo SOUND BEST モノクローム~気付けなかったdevotion~
50%
シングル DIS is TEKI
50%
アルバム THE ONE Don’t Think.Feel
50%
アルバム Timeless D-tecnoLife
50%
EP D-tecnoLife
50%
ベストアルバム Neo SOUND BEST D-tecnoLife
50%
アルバム Timeless D-tecnoLife(Album Version)
50%
シングル D-tecnoLife(RKD REMIX)
50%
EP D-tecnoLife(TV size)
50%
ベストアルバム Neo SOUND BEST D-tecnoRize
50%
アルバム AwakEVE earthy world
50%
アルバム 30 EN
50%
シングル endscape
50%
アルバム PROGLUTION endscape(album ver.)
50%
シングル energy
50%
アルバム PROGLUTION ENERGY(album ver.)
50%
アルバム 0̸ CHOIR ENOUGH-1
50%
EP Eye’s Sentry
50%
EP Eye’s Sentry(Instrumental)
50%
シングル Fight For Liberty
50%
ベストアルバム ALL TIME BEST -MEMBER BEST- Fight For Liberty
50%
アルバム 0̸ CHOIR Fight For Liberty(album ver.)
50%
Fight For Liberty/Wizard CLUB
50%
アルバム AwakEVE Forget
50%
アルバム LAST GOLD
50%
シングル GOLD
50%
ベストアルバム ALL TIME BEST -MEMBER BEST- GOLD
50%
シングル GO-ON
50%
アルバム LAST GO-ON(2nd-mix)
50%
アルバム TYCOON IDEAL REALITY
50%
アルバム 0̸ CHOIR IMPACT
50%
シングル IMPACT
50%
ベストアルバム ALL TIME BEST -MEMBER BEST- IMPACT
50%
EP ピグマリオン(instrumental)
50%
激動/Just break the limit!
50%
シングル just Melody
50%
アルバム Timeless just Melody(Album Version)
50%
ベストアルバム ALL TIME BEST -LIVE ARCHIVES- just Melody(Tokyo Dome 2010.11.27)
50%
アルバム 0̸ CHOIR KICKが自由
50%
シングル KINJITO
50%
EP KINJITO(Live at Yokohama Arena 2017.12.21)
50%
アルバム THE ONE KINJITO(LIVE intro ver.)
50%
シングル シャカビーチ~Laka Laka La~
50%
ベストアルバム Neo SOUND BEST シャカビーチ~Laka Laka La~
50%
アルバム PROGLUTION シャカビーチ~Laka Laka La~(album ver.)
50%
ベストアルバム ALL TIME BEST -LIVE ARCHIVES- シャカビーチ~Laka Laka La~(Yoyogi National First Gymnasium 2015.9.3)
50%
シングル LIFE
50%
ベストアルバム ALL TIME BEST -FAN BEST- LIFE
50%
アルバム BUGRIGHT LIFEsize
50%
ベストアルバム ALL TIME BEST -FAN BEST- LIFEsize
50%
EP 心が指す場所と口癖 そして君がついて来る(Live at Zepp Tokyo 2008.06.02)
50%
アルバム TYCOON LONE WOLF
50%
ベストアルバム ALL TIME BEST -MEMBER BEST- LONE WOLF
50%
シングル 優しさの雫<アコースティック version>
50%
アルバム UNSER Making it Drive
50%
シングル Making it Drive
50%
シングル MINORI
50%
ベストアルバム ALL TIME BEST -BALLADE BEST(Re-Recording)- MINORI
50%
EP Mixed-Up
50%
MMH
50%
MMH
50%
MMH(Instrumental)
50%
アルバム LIFE 6 SENSE MONDO PIECE
50%
シングル MONDO PIECE
50%
ベストアルバム ALL TIME BEST -MEMBER BEST- MONDO PIECE
50%
ベストアルバム ALL TIME BEST -LIVE ARCHIVES- 神集め(Nippon Budokan 2011.12.25)
50%
アルバム Timeless Nitro
50%
シングル NO.1
50%
ベストアルバム ALL TIME BEST -MEMBER BEST- NO.1
50%
アルバム LIFE 6 SENSE NO.1(album ver.)
50%
アルバム THE ONE NOWHERE boy
50%
アルバム UNSER ODD FUTURE
50%
シングル ODD FUTURE
50%
アルバム UNSER OXYMORON
50%
PHOENIX
50%
PHOENIX
50%
PHOENIX(Instrumental)
50%
シングル PLOT
50%
アルバム TYCOON PRAYING RUN
50%
EP PRAYING RUN
50%
ベストアルバム ALL TIME BEST -MEMBER BEST- PRAYING RUN
50%
シングル RANGE
50%
ベストアルバム ALL TIME BEST -FAN BEST- RANGE
50%
アルバム THE ONE REVERSI
50%
EP REVERSI
50%
アルバム AwakEVE アイ・アム Riri
50%
アルバム UNSER ROB THE FRONTIER
50%
EP ROB THE FRONTIER
50%
EP ROB THE FRONTIER(instrumental)
50%
アルバム Timeless SE
50%
アルバム BUGRIGHT SHAMROCK
50%
シングル SHAMROCK
50%
ベストアルバム Neo SOUND BEST SHAMROCK
50%
ベストアルバム ALL TIME BEST -FAN BEST- SHAMROCK
50%
アルバム TYCOON SHOUT LOVE
50%
ベストアルバム ALL TIME BEST -BALLADE BEST(Re-Recording)- SHOUT LOVE
50%
シングル SORA
50%
ベストアルバム ALL TIME BEST -FAN BEST- SORA
50%
アルバム UNSER stay on
50%
アルバム THE ONE THE OVER
50%
シングル THE OVER
50%
ベストアルバム ALL TIME BEST -MEMBER BEST- THE OVER
50%
ベストアルバム ALL TIME BEST -BALLADE BEST(Re-Recording)- THE OVER
50%
シングル THE SONG
50%
ベストアルバム ALL TIME BEST -FAN BEST- THE SONG
50%
ベストアルバム ALL TIME BEST -LIVE ARCHIVES- 儚くも永久のカナシ(Tokyo Dome 2010.11.27)
50%
ベストアルバム ALL TIME BEST -LIVE ARCHIVES- 若さ故エンテレケイア(Tokyo Dome 2010.11.27)
50%
アルバム LIFE 6 SENSE 一石を投じる Tokyo midnight sun
50%
ベストアルバム ALL TIME BEST -LIVE ARCHIVES- 一石を投じる Tokyo midnight sun(Nippon Budokan 2011.12.25)
50%
アルバム UNSER Touch off
50%
シングル Touch off
50%
EP Touch off(2019.6.6 Live at Okinawa MUSIC TOWN OTO-ICHIBA)
50%
シングル Touch off(instrumental)
50%
シングル Ultimate
50%
シングル UNKNOWN ORCHESTRA
50%
アルバム PROGLUTION UNKNOWN ORCHESTRA(album ver.)
50%
ベストアルバム ALL TIME BEST -LIVE ARCHIVES- UNKNOWN ORCHESTRA(Kyocera Dome 2014.7.5)
50%
シングル バーベル~皇帝の新しい服ver.~
50%
アルバム ENIGMASIS VICTOSPIN
50%
アルバム LAST WANNA be BRILLIANT
50%
ベストアルバム ALL TIME BEST -FAN BEST- WANNA be BRILLIANT
50%
EP WE ARE GO
50%
アルバム TYCOON WE ARE GO(album ver.)
50%
WE ARE GO/ALL ALONE
50%
WINGS ever
50%
アルバム 0̸ CHOIR Wizard CLUB
50%
シングル Wizard CLUB
50%
アルバム LAST world LOST world
50%
ベストアルバム ALL TIME BEST -LIVE ARCHIVES- 誰が言った(Yoyogi National First Gymnasium 2015.9.3)
50%
アルバム AwakEVE YURA YURA
50%
ベストアルバム ALL TIME BEST -LIVE ARCHIVES- トキノナミダ(Zepp DiverCity Tokyo 2013.2.28)
50%
アルバム BUGRIGHT 一人じゃないから
0%
アルバム PROGLUTION 病的希求日記
0%
アルバム AwakEVE 美影意志
0%
アルバム AwakEVE 和音
0%
アルバム LIFE 6 SENSE シークレット
0%
アルバム LIFE 6 SENSE 勝者臆病者
0%
アルバム 0̸ CHOIR 別世界
0%
アルバム TYCOON シリウス
0%
アルバム UNSER 境界
0%
アルバム UNSER 無意味になる夜
0%
アルバム 30 イーティー
0%
シングル 一人じゃないから
0%
シングル 僕に重なって来る今
0%
シングル
0%
シングル ハルジオン
0%
シングル 哀しみはきっと
0%
シングル ナノ・セカンド
0%
EP 別世界
0%
EP イーティー
0%
ベストアルバム Neo SOUND BEST 哀しみはきっと
0%
ベストアルバム ALL TIME BEST -FAN BEST- シリウス
0%
ベストアルバム ALL TIME BEST -BALLADE BEST(Re-Recording)- 美影意志
0%
アルバム AwakEVE ハルジオン(2nd-MIX)
0%
シングル 超大作+81
0%
EP セオリーとの決別の研究 +81
0%
アルバム LIFE 6 SENSE ace of ace
0%
EP ace of ace[LIVE at Yokohama Arena 2012.07.08]
0%
アルバム LAST 哀しみはきっと(album ver.)
0%
アルバム 0̸ CHOIR ナノ・セカンド(album ver.)
0%
アルバム ENIGMASIS ANOMALY奏者
0%
EP BVCK
0%
EP BVCK(instrumental)
0%
EP ConneQt(2019.6.6 Live at Okinawa MUSIC TOWN OTO-ICHIBA)
0%
シングル core ability +81
0%
シングル CORE STREAM
0%
アルバム PROGLUTION counting song-H
0%
シングル DECIDED
0%
アルバム TYCOON DECIDED(album ver.)
0%
シングル DEJAVU
0%
ベストアルバム ALL TIME BEST -LIVE ARCHIVES- DEJAVU(Nippon Budokan 2013.12.26)
0%
アルバム BUGRIGHT DISCORD
0%
ベストアルバム ALL TIME BEST -LIVE ARCHIVES- DISCORD(Nippon Budokan 2015.12.25)
0%
シングル DISCORD~your voices mix~
0%
アルバム ENIGMASIS Don’t Think.Sing
0%
アルバム ENIGMASIS echoOZ
0%
アルバム UNSER EDENへ
0%
EP EDENへ
0%
アルバム BUGRIGHT EMPTY96
0%
ベストアルバム ALL TIME BEST -LIVE ARCHIVES- EMPTY96(Nippon Budokan 2015.12.25)
0%
アルバム ENIGMASIS ENCORE AGAIN(feat.SHUNTO from BE:FIRST)
0%
アルバム ENIGMASIS ENIGMASIS
0%
アルバム PROGLUTION expod-digital
0%
シングル EXTREME
0%
ベストアルバム ALL TIME BEST -MEMBER BEST- EYEWALL
0%
アルバム 30 来鳥江(feat.山田孝之 & 愛笑む)
0%
EP 来鳥江(feat. 山田孝之 & 愛笑む from 徳川eq.)
0%
アルバム ENIGMASIS FINALIST(feat.ANARCHY)
0%
アルバム UNSER First Sight
0%
アルバム PROGLUTION -forecast map 1955-
0%
シングル(コラボ曲) Forever Young
0%
アルバム PROGLUTION -god’s followers-
0%
アルバム UNSER GOOD and EVIL
0%
EP GOOD and EVIL
0%
GOOD and EVIL/EDENへ
0%
アルバム PROGLUTION GROOVY GROOVY GROOVY
0%
アルバム 0̸ CHOIR 零HERE~SE~
0%
EP High Light!
0%
アルバム BUGRIGHT Home 微熱39°C
0%
アルバム 30 HOURGLASS
0%
EP HOURGLASS
0%
EP HOURGLASS(instrumental)
0%
EP HOURGLASS(Movie Edit)
0%
アルバム TYCOON I LOVE THE WORLD
0%
EP I LOVE THE WORLD
0%
ベストアルバム ALL TIME BEST -LIVE ARCHIVES- I LOVE THE WORLD(Yoyogi National First Gymnasium 2015.9.6)
0%
EP 来鳥江(Instrumental)
0%
EP イーティー(instrumental)
0%
アルバム AwakEVE Just break the limit!
0%
シングル Just break the limit!
0%
シングル(カバー曲) 志 -kokorozashi-
0%
アルバム THE ONE LIMITLESS
0%
EP ハルジオン(Live at Yokohama Arena 2017.12.21)
0%
アルバム BUGRIGHT Live everyday as if it were the last day
0%
シングル LIVIN’ IT UP
0%
アルバム Timeless Lump Of Affection
0%
シングル Massive
0%
EP MEMORIES of the End
0%
EP MEMORIES of the End(English TV ver.)
0%
EP MEMORIES of the End(Instrumental)
0%
アルバム 30 NAMELY
0%
シングル NAMELY
0%
シングル NAMELY(instrumental)
0%
アルバム 30 NEVER ENDING WORLD
0%
アルバム UNSER One Last Time
0%
アルバム 30 One stroke for freedom
0%
アルバム PROGLUTION -妙策号外ORCHESTRA-
0%
アルバム 30 OUR ALWAYS
0%
シングル over the stoic
0%
EP PRIME
0%
アルバム TYCOON Q.E.D.
0%
シングル Rainy
0%
シングル Revolve
0%
アルバム PROGLUTION Roots
0%
ベストアルバム Neo SOUND BEST Roots
0%
ベストアルバム ALL TIME BEST -FAN BEST- Roots
0%
アルバム Timeless Rush
0%
EP SHINE
0%
シングル 美影意志 -single ver.-
0%
アルバム ENIGMASIS α-Skill
0%
シングル sorrow[file named “moment”]
0%
来鳥江/SOUL
0%
アルバム 30 SOUL(feat.青山テルマ & 愛笑む)
0%
EP SOUL(feat. 青山テルマ & 愛笑む from 徳川eq.)
0%
EP SOUL(Instrumental)
0%
EP SOUL(UVERworld ver.)
0%
シングル Spreadown
0%
EP Teenage Love
0%
アルバム THE ONE THE ONE(SE)
0%
アルバム ENIGMASIS THEORY
0%
アルバム LAST the truth
0%
シングル the truth
0%
アルバム BUGRIGHT ~流れ・空虚・THIS WORD~
0%
アルバム 30 THUG LIFE
0%
アルバム PROGLUTION to the world(SE)
0%
アルバム ENIGMASIS two Lies
0%
アルバム TYCOON TYCOON
0%
EP über cozy universe
0%
アルバム UNSER UNSER
0%
EP UVER Battle Royal ~30 mix~
0%
シングル UVER Battle Royal ~5/L6S mix~
0%
EP UVER Battle Royal ~ENIGMASIS mix~
0%
シングル UVER Battle Royal ~桁外れmix~
0%
EP 来鳥江(UVERworld ver.)
0%
ベストアルバム ALL TIME BEST -LIVE ARCHIVES- 勝者臆病者(Yokohama Arena 2012.7.8)
0%
No matching quizzes found
Score Distribution
Percent of People with Each Score
Percentile by Number Answered
Your Score History
You have not taken this quiz since the last reset